Normal view
MARC view
- Supervisor: Dr. Rabia Irfan
Entry Personal Name
001 - CONTROL NUMBER
- control field: 96910
003 - CONTROL NUMBER IDENTIFIER
- control field: NUST
005 - DATE AND TIME OF LATEST TRANSACTION
- control field: 20220811150717.0
008 - FIXED-LENGTH DATA ELEMENTS
- fixed length control field: 220811|| aca||aabn | a|a d
040 ## - CATALOGING SOURCE
- Original cataloging agency: NUST
- Transcribing agency: NUST
100 ## - HEADING--PERSONAL NAME
- Personal name: Supervisor: Dr. Rabia Irfan
670 ## - SOURCE DATA FOUND
- Source citation: Work cat.: (NUST): Mehmood, Faisal 96909, Improving The Performance Of Pakistan’s Judicial System And Its Ranking Using Data Analytics /
